000 00565nam a2200205Ia 4500
003 IIN
005 20240122152311.0
008 231217s9999 xx 000 0 und d
020 _cRs.1799.00
_a9789389335392
040 _aIIN
_bEnglish
082 _a612
_bPRE
100 1 _aPreston, Robin R.
245 1 _aLippincott Illustrated Reviews:
_bPhysiology
_cRobin R.Preston and Thad E. Wilson
250 _a2nd ed
260 _bWolters Kluwer
_aNew Delhi
_c2019
300 _axxx, 562 p.
650 1 _aPhysiology
700 1 _aWilson, Thad E.
942 _cBOOK
999 _c478
_d478